Normal view
MARC view
- Wordsworth
Entry Topical Term
001 - CONTROL NUMBER
- control field: 108022
003 - CONTROL NUMBER IDENTIFIER
- control field: NUST
005 - DATE AND TIME OF LATEST TRANSACTION
- control field: 20230130112635.0
008 - FIXED-LENGTH DATA ELEMENTS
- fixed length control field: 230130|| aca||aabn | a|a d
040 ## - CATALOGING SOURCE
- Original cataloging agency: NUST
- Transcribing agency: NUST
150 ## - HEADING--TOPICAL TERM
- Topical term or geographic name entry element: Wordsworth
670 ## - SOURCE DATA FOUND
- Source citation: Work cat.: (NUST)187136: Meyers, F. W. H. 108021, Wordsworth: , 1914
